| 000 | 00686nam a2200241Ia 4500 | ||
|---|---|---|---|
| 003 | OSt | ||
| 005 | 20220925224555.0 | ||
| 006 | a|||||r|||| 00| 0 | ||
| 007 | ta | ||
| 008 | 220923b |||||||| |||| 00| 0 eng d | ||
| 020 | _a07248 I | ||
| 037 | _cGeneral Book | ||
| 040 |
_aRTL _cRTL _beng |
||
| 041 |
_2eng _aeng |
||
| 082 | _aV3.K42<--J29, L2 | ||
| 100 |
_aStone Lawrence _914614 |
||
| 245 | 0 | _aCauses of the English revolution, 1529-1642 | |
| 260 |
_aLondon _bRoutledge and Kegan Paul _c1972 |
||
| 300 |
_axiv, 168p _ccm. |
||
| 650 |
_aGreat Britain History _91540 |
||
| 942 |
_hV3.K42<--J29, L2 _cGB _2CC |
||
| 999 |
_c581781 _d581781 |
||